Statistiques concernant Retrouve la carrière des entraineurs

Cliquez ici pour prendre le quiz!

Statistiques générales

  • Ce quiz a été pris 63 fois
  • Le résultat moyen est 11 sur 20

Statistiques - réponses

Carrière d'entraineurRéponses% Correct
Mayence, Dortmund, LiverpoolJürgen Klopp
98%
Mayence, Dortmund, Paris SG, Chelsea, BayernThomas Tuchel
98%
Barcelone B, Barcelone, Bayern, Manchester CityPep Guardiola
95%
FC Barcelone B,AS Rome,Celta Vigo, FC Barcelone , Espagne, PSGLuis Enrique
91%
Montpellier HSC, SM Caen, Istres FC, Montpellier HSC, AS Saint-Etienne, Bordeaux, Cote d'Ivoire, MarseilleJean Louis Gasset
84%
Paris SG -19, Genoa CFC, Spezia Calcio, Bologne FCThiago Motta
74%
Lazio Rome,Inter MilanSimone Inzaghi
72%
Stade Mayennais, Stade Rennais, US Changé, FC Lorient, RC LensFranck Haise
64%
Hoffenheim, RB Salzburg, Sélection Allemande, Hoffenheim, Bayern, Sélection AllemandeHansi Flick
62%
RC Strasbourg, Valenciennes FC, Paris Saint-Germain, AL-Hilal, RC Lens, EA Guingamp, Dijon FCO, Toulouse, NantesAntoine Kombouaré
60%
Aglianese Calcio, SPAL, US Grosseto, US Sassuolo, Cagliari Calcio,AC Milan, JuventusMassimiliano Allegri
60%
Rheindorf Altach, SV Grödig, RB Salzbourg,BSC Young Boys,Eintracht Francfort, Borussia Mönchengladbach, AS MonacoAdi Hütter
57%
AGOVV Apeldoorn, De Graafschap, Heracles Almelo, Feyenoord Rotterdam, Heracles Almelo, Vitesse Arnhem, Maccabi Tel-Aviv, Ajax Amsterdam, Borussia Dortmund, Bayer Leverkusen, OL, PSVPeter Bosz
52%
Preston North End, Everton FC,Manchester United, Real Sociedad, Sunderland AFC, West Ham UnitedDavid Moyes
45%
Fatih Karagümrük, Alanyaspor, NiceFrancesco Farioli
43%
Casa Pia, Sporting Braga B, Sporting Braga, Sporting CPRúben Amorim
24%
Guarany de Garibaldi, Caxias, Veranópolis,Ypiranga FC , Juventude, Caxias, Grêmio, São Caetano, Corinthians, Atlético Mineiro, Palmeiras, Al Ain Club, Internacional, Al-Wahda, Corinthians, Brésil, FlamengoTite
19%
AEK Larnaca, CD Mirandés, Rayo Vallecano, AFC BournemouthAndoni Iraola
10%
SC Toulon, Angers SCO, RC Lens, LB Châteauroux, Grenoble Foot 38, ESTAC Troyes, AS Nancy, RFC Seraing, US Quevilly-RouenJean Louis Garcia
9%
AS Gubbio, US Latina, SSC Naples, Real Madrid, Newcastle United, Hellas Verone, Avispa Fukuoka, US Cremonese, Parme CalcioFabio Pecchia
2%

Distribution des résultats

Percentile par nombre de réponses

% des personnes avec chaque résultat

Votre développement - résultats

Vous n’avez pas pris ce quiz